| 000 | 00562nam a2200169 4500 | ||
|---|---|---|---|
| 001 | VA40493 | ||
| 003 | ES-SlBCS | ||
| 005 | 20210601154647.0 | ||
| 008 | 140520s1975 xxu||||| |||| 00| 0 spa d | ||
| 041 | _aspa | ||
| 100 | 1 |
_aTestemalle, A. Mary _9372437 |
|
| 245 | 1 | 0 |
_a¿Silencio o ausencia de Dios? Ensayo sobre el problema de Dios en la obra de tres pensadores judíos contemporáneos: Wiesel, Bloch, Neher _cA. Mary Testemalle |
| 260 |
_aMadrid : _bStudium _c, 1975 |
||
| 300 |
_a146 p.; _c18 cm |
||
| 600 | 1 |
_aWiesel, Elie _d, 1928-2016 _9196284 |
|
| 942 | _cBK | ||
| 999 |
_c807814 _d807814 |
||